Barangay : (Record no. 8190)

MARC details
000 -LEADER
fixed length control field 00583nam a22001817a 4500
003 - CONTROL NUMBER IDENTIFIER
control field OSt
005 - DATE AND TIME OF LATEST TRANSACTION
control field 20260203055058.0
008 - FIXED-LENGTH DATA ELEMENTS--GENERAL INFORMATION
fixed length control field 260203b |||||||| |||| 00| 0 eng d
020 ## - INTERNATIONAL STANDARD BOOK NUMBER
International Standard Book Number 971-550-138-9
040 ## - CATALOGING SOURCE
Original cataloging agency DWC-Main Lib.
Transcribing agency OC
082 ## - DEWEY DECIMAL CLASSIFICATION NUMBER
Classification number Fil. 805.8009 Sc86b 1994
100 ## - MAIN ENTRY--PERSONAL NAME
Personal name Scott, William H.
245 ## - TITLE STATEMENT
Title Barangay :
Remainder of title 16th century philippine culture and society/
Statement of responsibility, etc. William H. Scott
260 ## - PUBLICATION, DISTRIBUTION, ETC.
Name of publisher, distributor, etc. Ateneo de manila university press ;
Date of publication, distribution, etc. c.1994.
300 ## - PHYSICAL DESCRIPTION
Extent ix, 306 p. ;
Dimensions 22 cm.
500 ## - GENERAL NOTE
General note Includes notes, bibliography and index.
942 ## - ADDED ENTRY ELEMENTS (KOHA)
Source of classification or shelving scheme Dewey Decimal Classification
Koha item type Book-Filipiniana
Classification part Fil.
Suppress in OPAC No
952 ## - LOCATION AND ITEM INFORMATION (KOHA)
--
Holdings
Withdrawn status Lost status Source of classification or shelving scheme Damaged status Not for loan Home library Current library Shelving location Date acquired Source of acquisition Cost, normal purchase price Total Checkouts Full call number Barcode Date last seen Copy number Price effective from Koha item type Uniform Resource Identifier
    Dewey Decimal Classification     College Library College Library Filipiniana 02/04/2003 School Fund 532.00   Fil. 805.8009 Sc86b 1994 CL37003 02/03/2026 c1 02/03/2026 BK - FIL